000 00968nam a2200289 4500
001 0000015317
003 CO-CtgCURN
005 20250331185249.0
007 ta
008 160627s2007 000 0 eng d
020 _a9789682478802
040 _aCO-CtgCURN
_bspa
_ccoctgcurn
082 0 _a658.15
_bL567
100 1 _aLesur, Luis.
245 1 0 _aCálculo del punto de equilibrio :
_bla clave de la supervivencia empresarial /
_cLuis Lesur.
260 _aMexico :
_bTrillas,
_c2007.
300 _a80 p. : il a color.
336 _2rdacontent
337 _2rdamedia
_asin mediacion
_bn
338 _2rdacarrier
_avolumen
_bnc
490 1 _aCol. Como hacer bien y facilmente
505 8 _aEstrategia de supervivencia.--Cálculo del punto de equilibrio.--Cálculo del capital de trabajo
650 1 4 _aNegocios
_vfinanzas.
908 _a160627
942 _cBK
_h658.15
_iL567
_2ddc
999 _c24616
_d24616